000 00643nam a22002177a 4500
008 150519b xxu||||| |||| 00| 0 eng d
020 _a9780073530697
041 0 _aeng
080 _a336
100 _aKapoor, Jack R.,
_d1937-
245 0 _aPersonal finance /
_cJack R. Kapoor, Les R. Dlabay, Robert J. Hughes.
250 _a10th ed.
260 _aNew York, NY :
_bMcGraw-Hill/Irwin,
_cc2012.
300 _a666 f.:
_bme il,;
_c29 cm.
500 _aIncludes bibliographical references and index.
650 0 _aFinanca personale
650 0 _2Investime
700 _aDlabay, Les R.
700 _aHughes, Robert James,
942 _2udc
_cBK
999 _c827
_d827